000 00302nam a2200133Ia 4500
005 20251222140029.0
008 251222s1900||||xx |||||||||||||| ||spa||
020 _a8401376998
082 _a211.1/C566
100 _aChopra, Deepak
245 0 _aConocer a Dios:
264 _bPlaza Janés
942 _cLIB
999 _c2885
_d2885